Euro 2020 Group E - Poland - Slovakia - Statistics

General Stats
  • This quiz has been taken 66 times
  • The average score is 15 of 33
Answer Stats
Player % Correct
Robert Lewandowski
96%
Kamil Glik
88%
Wojciech Szczęsny
88%
Grzegorz Krychowiak
80%
Marek Hamšík
79%
Jan Bednarek
75%
Piotr Zieliński
75%
Milan Škriniar ¹
71%
Martin Dúbravka
63%
Maciej Rybus
57%
Ondrej Duda
55%
Bartosz Bereszyński
54%
Karol Linetty ¹
50%
Paulo Sousa
50%
Róbert Mak
46%
Juraj Kucka
45%
Mateusz Klich
43%
Jakub Moder
39%
Przemysław Frankowski
39%
Kamil Jóźwiak
38%
Tymoteusz Puchacz
38%
Karol Świderski
34%
Lukáš Haraslín
32%
Peter Pekarík
29%
Ľubomír Šatka
23%
Tomáš Hubočan
20%
Tomáš Suslov
13%
Jakub Hromada
11%
Michal Ďuriš
11%
Štefan Tarkovič
11%
Martin Koscelník
9%
Patrik Hrošovský
9%
Ján Greguš
7%
No matching quizzes found
Score Distribution
Percent of People with Each Score
Percentile by Number Answered
Your Score History
You have not taken this quiz